| 000 | 01352nam a2200229Ia 4500 | ||
|---|---|---|---|
| 003 | Ost | ||
| 005 | 20260507075357.0 | ||
| 008 | 260507s9999||||xx |||||||||||||| ||und|| | ||
| 020 | _a75253509779 | ||
| 040 | _cfsecg | ||
| 041 | _aara | ||
| 082 | _a330 | ||
| 100 |
_aالسيسي، صلاح الدين حسن _eمؤلف |
||
| 245 | 0 |
_aالإقتصاد العالمي والأزمات الإقتصادية : _bالأسباب والتداعيات وسبل المواجهة / _c صلاح الدين حسن السيسي |
|
| 260 |
_aالقاهرة: _bدار الكتاب الحديث, _c2014 |
||
| 300 |
_a182 صفحة؛ _bإيضاحات ؛ _c24 سم |
||
| 504 | _aكشاف مصطلحات ص.161 المراجع ص. 175 | ||
| 520 | _aالنظام الدولي وتداعياته- الأزمات المالية والإقتصادية والعالمية والإقليمية- غسل الأموال الجريمة التي تهدد الإستقرار الدولي- سياسة الإغراق- مشكلة الديون الخارجية- مشكلة الإزدواج الضريبي الدولي- الإقتصاد العالمي وتحديات النمو المستدام- الحركات المناهضة للعولمة الإقتصادية | ||
| 653 | _aالأزمات الإقتصادية | ||
| 653 | _aالإقتصاد العالمي | ||
| 942 | _cكتاب | ||
| 999 |
_c44248 _d44248 |
||